000 00541nam a2200217 a 4500
001 BS0001183
003 BR-BrBNA
005 20231026134640.0
008 230308b |||||||| |||| 00| 0 por d
040 _aBR-BrBNA
_bpor
_cBiblioteca Nacional de Agricultura
041 _apor
072 _aS89
090 _aS89
_bBS0001183
100 1 _aGóes, Lúcia Pimentel.
245 1 _aO bolo de Belinha /
250 1 _a4. ed.
260 3 _aSão Paulo:
_bScipione,
_c1992.
300 _a15 p.
650 _aLITERATURA INFANTIL
942 _cBK
_2AGRIS
999 _c6240
_d6240